Teoría del conocimiento
Gardado en:
| Autor Principal: | |
|---|---|
| Formato: | Libro |
| Idioma: | Lingua castelá |
| Publicado: |
Ciudad de México
Hispano Americana
1961
|
| Edición: | 1a. ed |
| Series: | Manuales Uteha. Filosofía, 102-7
|
| Subjects: | |
| Tags: |
Engadir etiqueta
Sen Etiquetas, Sexa o primeiro en etiquetar este rexistro!
|
MARC
| LEADER | 00000cam a2200000 a 4500 | ||
|---|---|---|---|
| 001 | UCD4453 | ||
| 003 | CL-VaPUC | ||
| 008 | 160708e19610000mx |||||||||||||||||spa|d | ||
| 082 | 0 | 4 | |a 121 |b KRO |2 21 |
| 100 | 0 | |a Kropp, Gerhard |e author |9 588147 | |
| 245 | 1 | 0 | |a Teoría del conocimiento |
| 250 | |a 1a. ed | ||
| 300 | |a t | ||
| 942 | |c BK | ||
| 945 | |d 20160708 23:22:00 |a arojas | ||
| 260 | |a Ciudad de México |b Hispano Americana |c 1961 | ||
| 500 | |a t.1: Fundamentos generales | ||
| 650 | 0 | |a Teoría del conocimiento |9 255038 | |
| 583 | |a last modification |c 20160708 23:22:00 |k Rodrigo Vera | ||
| 490 | 0 | |a Manuales Uteha. Filosofía, 102-7 | |
| 999 | |c 365351 |d 365349 | ||
| 952 | |0 0 |1 0 |3 erb |4 0 |6 121_000000000000000_KRO_1961 |7 0 |8 A |9 479168 |a FDOHBE |b FDOHBE |e Huesbe Llanos, Marco Antonio, 1934- |h t.1 |i 5306612 |o 121 KRO 1961 |p 5306612 |r 2024-01-30 |w 2019-11-24 |y BK |z Catalogado en:20160708 |k HBE | ||